00467nam a2200145Ia 4500003000900000008004100009040001600050080001500066110003200081245011600113260004100229300001400270650001900284650001800303IN-BaIIA211028s9999 xx 000 0 eng d cIIA Library a337.3bGOV aIndia. Ministry of Commerce 0aImport trade control policy for the year April 1975 - March 1976bvol. 11cGovt. of India. Ministry of Commerce aDelhibManager of Publicationsc1976 aiv, 302p. aNASA Thesaurus aTrade control